000 00813nac a22002537a 4500
001 BR9800908
003 BR-BrBNA
005 20240105122041.0
008 230509b bl.|||m| |||| 00| 0 por d
040 _aBR-BrBNA
_bpor
_cBiblioteca Nacional de Agricultura
072 _aD50; Q80
090 _aD50 BR9800908
110 1 _aSecretaria de Defesa Agropecuaria, Brasilia, DF (Brasil)
_98722
245 1 _aRegulamento tecnico para rotulagem de alimento
260 3 _aBrsilia, DF (Brasil):
_c1997.
300 _a9 p.
490 _aSerie Regulamentacao Tecnica de Identidade e Qualidade de Produtos de Origem Animal (Brazil)
_vno. 5
_x
500 _a(Pt)
650 _aEmbalagem
650 _aAlimento
650 _aRegulamentacao
909 _a202312
_bLúcia Elande
_c55
_dLúcia Elande
942 _2AGRIS
_n0
_cMS
999 _c288929
_d288929